Scaling and renormalization in statistical physics
Αποθηκεύτηκε σε:
| Κύριος συγγραφέας: | |
|---|---|
| Μορφή: | Βιβλίο |
| Γλώσσα: | English |
| Δημοσίευση: |
Cambridge :
Cambridge University press,
c1996
|
| Σειρά: | Cambridge lecture notes in physics ;
; 5 |
| Θέματα: | |
| Ετικέτες: |
Προσθήκη ετικέτας
Δεν υπάρχουν, Καταχωρήστε ετικέτα πρώτοι!
|
MARC
| LEADER | 00000nam a2200000 i 4500 | ||
|---|---|---|---|
| 001 | 1/3358 | ||
| 008 | 000519s1996 eng d | ||
| 020 | |a 0-521-49959-3 | ||
| 035 | |l 10060770 | ||
| 040 | |a GR-MY-UA |b gre |e aacr | ||
| 041 | 0 | |a eng | |
| 082 | 0 | |a 530.474 | |
| 100 | 1 | |a Cardy, John L. | |
| 245 | 1 | 0 | |a Scaling and renormalization in statistical physics / |c John Cardy |
| 260 | |a Cambridge : |b Cambridge University press, |c c1996 | ||
| 300 | |a xvii, 238 p.; |b ill.; |c 23 cm. | ||
| 490 | 1 | |a Cambridge lecture notes in physics |v ; 5 | |
| 504 | |a Includes bibliographical references and index | ||
| 650 | 0 | 0 | |a Scaling laws (Statistical Physics) |
| 830 | 0 | |a Cambridge lecture notes in physics ; |v ; 5 | |
| 852 | |a INST |b SAMOS |e 20000519 |h 530.474 CAR |p 005300017279 |q 005300017279 |t BK |y 0 | ||
| 901 | |a BIBL3-2000-2 | ||
| 909 | |a Σ |b 077750 | ||
| 922 | |a 3ΕΛΗ |b 200004 |c ΚΠΣ |d ΠΑΠΑΣΩΤΗΡΙΟΥ | ||
| 950 | |a 116-1999-12-30 | ||
| 970 | |a ΓΕΝΟΥΖΟΥ |b ΧΡΥΣΑΝΘΗ |z 2000/05/19 | ||